书目信息 |
| 题名: |
中国经济学家代表作精选
|
|
| 作者: | 中国发展出版社 编 | |
| 分册: | ||
| 出版信息: | 北京 中国发展出版社 1998.12 |
|
| 页数: | 282页 | |
| 开本: | 32开 | |
| 丛书名: | ||
| 单 册: | ||
| 中图分类: | F0-53 | |
| 科图分类: | ||
| 主题词: | 政治经济学 | |
| 电子资源: | ||
| ISBN: | 7-80087-333-1 | |
| 000 | 00607nam0 2200193 45 | |
| 001 | 0012061149 | |
| 005 | 20001206110704.4 | |
| 010 | @a7-80087-333-1@d18.00元 | |
| 100 | @a20001206d1998 km y0chiy0120 ea | |
| 101 | 0 | @achi |
| 105 | @a z 000yy | |
| 200 | 1 | @a中国经济学家代表作精选@AZhong Guo Jing Ji Xue Jia Dai Biao Zuo Jing Xuan@f中国发展出版社编@FZhong Guo Fa Zhan Chu Ban She Bian |
| 210 | @a北京@c中国发展出版社@d1998.12 | |
| 215 | @a282页@d32开 | |
| 606 | 0 | @a政治经济学 |
| 690 | @aF0-53@v3 | |
| 701 | 0 | @a中国发展出版社@4编 |
| 801 | @aCN@bPftUser@c20001206 | |
| 905 | @b514794-795@dF0-53@eZH:241@f2 | |
| 中国经济学家代表作精选/中国发展出版社编.-北京:中国发展出版社,1998.12 |
| 282页;32开 |
| ISBN 7-80087-333-1:18.00元 |
| ● |
| 相关链接 |
|
|
|
正题名:中国经济学家代表作精选
索取号:F0-53/ZH:241
 
预约/预借
| 序号 | 登录号 | 条形码 | 馆藏地/架位号 | 状态 | 备注 |
| 1 | 514794 | 205147946 | 社科二线422/422社科库 47排3列3层/ [索取号:F0-53/ZH:241] | 在馆 | |
| 2 | 514795 | 205147955 | 社科二线422/422社科库 47排3列4层/ [索取号:F0-53/ZH:241] | 在馆 |